[Event "FIDE World Rapid 2014"]
[Site "Dubai UAE"]
[Date "2014.06.18"]
[Round "13.27"]
[White "Laznicka, Viktor"]
[Black "Salgado Lopez, Ivan"]
[Result "0-1"]
[WhiteTitle "GM"]
[BlackTitle "GM"]
[WhiteElo "2679"]
[BlackElo "2622"]
[WhiteFideId "316385"]
[BlackFideId "2257327"]
[EventDate "2014.06.16"]

1. d4 Nf6 2. c4 g6 3. f3 Nc6 4. d5 Ne5 5. e4 d6 6. Nc3 Bg7 7. f4 Ned7 8. Nh3 O-O
9. Be2 Nc5 10. Nf2 e5 11. fxe5 Ne8 12. exd6 Nxd6 13. O-O Qh4 14. g3 Qe7 15. Bf4
Ncxe4 16. Ncxe4 Nxe4 17. Bf3 Nxf2 18. Rxf2 Qc5 19. b4 Qxb4 20. Rb1 Qc5 21. Kg2
Bh3+ 22. Kxh3 Qxf2 23. Rxb7 Rae8 24. Rxc7 Be5 25. Bxe5 Rxe5 26. d6 Re1 27. Qd5
Re3 28. Bg2 Qf6 29. Be4 Qf4 30. Re7 Qh6+ 31. Kg2 Re2+ 32. Kf1 Qe3 0-1

[Event "FIDE World Rapid 2014"]
[Site "Dubai UAE"]
[Date "2014.06.18"]
[Round "13.28"]
[White "Onischuk, Vladimir"]
[Black "Amin, Bassem"]
[Result "0-1"]
[WhiteTitle "GM"]
[BlackTitle "GM"]
[WhiteElo "2594"]
[BlackElo "2635"]
[WhiteFideId "14114038"]
[BlackFideId "10601457"]
[EventDate "2014.06.16"]

1. e4 e5 2. Nf3 Nc6 3. Bb5 a6 4. Ba4 Nf6 5. O-O Be7 6. d3 d6 7. a3 O-O 8. Nc3 h6
9. Bb3 Bg4 10. Be3 Qd7 11. h3 Bh5 12. Kh2 Kh8 13. Rg1 Nd4 14. Bxd4 exd4 15. Ne2
Bxf3 16. gxf3 Nh5 17. Nxd4 Bf6 18. Nf5 g6 19. f4 Nxf4 20. Rg3 gxf5 21. Qd2 Bg5
22. h4 Bxh4 23. Qxf4 Bxg3+ 24. fxg3 Kg7 25. Rf1 Qe7 26. Qxf5 Rae8 27. Qh5 f5 28.
Rxf5 Rxf5 29. Qxf5 Rf8 30. Qg4+ Qg5 31. Qd7+ Kh8 32. Kg2 Qf6 33. Kh3 Qf1+ 34.
Kg4 Qf3+ 35. Kh4 Qf6+ 36. Kh3 Qg7 37. Qe6 Rf3 38. Qg4 Qxg4+ 39. Kxg4 Rf2 40. a4
a5 41. d4 Rd2 42. Kf5 Rxd4 43. Ke6 Rxe4+ 44. Kd7 c6 45. Kxd6 Rb4 46. Kc7 b5 47.
axb5 cxb5 0-1

[Event "FIDE World Rapid 2014"]
[Site "Dubai UAE"]
[Date "2014.06.18"]
[Round "13.29"]
[White "Safarli, Eltaj"]
[Black "Bartel, Mateusz"]
[Result "0-1"]
[WhiteTitle "GM"]
[BlackTitle "GM"]
[WhiteElo "2649"]
[BlackElo "2641"]
[WhiteFideId "13402129"]
[BlackFideId "1112635"]
[EventDate "2014.06.16"]

1. e4 e5 2. Nc3 Nf6 3. g3 d5 4. exd5 Nxd5 5. Bg2 Nxc3 6. bxc3 Bd6 7. Nf3 O-O 8.
O-O Re8 9. Re1 Nc6 10. Rb1 Rb8 11. d3 h6 12. Be3 b6 13. c4 Bd7 14. Nd2 f5 15. c5
bxc5 16. Rxb8 Nxb8 17. Nc4 Be6 18. Qh5 Qd7 19. Bxh6 gxh6 20. Qg6+ Kf8 21. Qf6+
Qf7 22. Qh8+ Ke7 23. Qxh6 Bxc4 24. dxc4 Nd7 25. Bd5 Qf6 26. Qh7+ Kd8 27. Bc6 Qe7
28. Qxf5 Rf8 29. Qe4 Qf7 30. Qe2 Nb6 31. Rd1 Kc8 32. Bb5 Qf5 33. Ba6+ Kd7 34. a4
Ke7 35. a5 Nd7 36. Bb7 Nf6 37. f4 Kf7 38. fxe5 Qxe5 39. Qf3 Kg7 40. Bc6 Qe6 41.
Qd3 Ng4 42. Rf1 Rxf1+ 43. Qxf1 Qe3+ 44. Kh1 Qd2 45. Bg2 Qxc2 46. Qe1 Qxc4 47. h3
Nf6 48. Qd2 Qd4 49. Qg5+ Kf7 50. h4 Qe5 0-1

[Event "FIDE World Rapid 2014"]
[Site "Dubai UAE"]
[Date "2014.06.18"]
[Round "13.30"]
[White "Lu, Shanglei"]
[Black "Bologan, Viktor"]
[Result "1-0"]
[WhiteTitle "GM"]
[BlackTitle "GM"]
[WhiteElo "2546"]
[BlackElo "2661"]
[WhiteFideId "8603332"]
[BlackFideId "13900048"]
[EventDate "2014.06.16"]

1. e4 c5 2. Nf3 g6 3. d4 cxd4 4. Nxd4 Bg7 5. Nc3 Nc6 6. Be3 Nf6 7. Bc4 O-O 8.
Bb3 d6 9. f3 Na5 10. Qd2 Bd7 11. h4 h5 12. O-O-O Nxb3+ 13. axb3 Qa5 14. Kb1 Rfc8
15. Bh6 Bh8 16. g4 Rc5 17. gxh5 Nxh5 18. Bg5 e6 19. Be7 Qa6 20. Qd3 b5 21. Nde2
Rc6 22. Bxd6 Rac8 23. e5 Qb7 24. Nd4 Rxc3 25. bxc3 Nf4 26. Qd2 Nd5 27. Kb2 Nxc3
28. Ra1 Qd5 29. h5 Ne2 30. Rh4 Ng3 31. hxg6 Nf5 32. Nxf5 Qxd2 33. Ne7+ Kg7 34.
Rh7+ Kf8 35. Rxh8+ Kg7 36. Rh7+ 1-0

[Event "FIDE World Rapid 2014"]
[Site "Dubai UAE"]
[Date "2014.06.18"]
[Round "13.31"]
[White "Iturrizaga Bonelli, Eduardo"]
[Black "Salem, A.R. Saleh"]
[Result "1-0"]
[WhiteTitle "GM"]
[BlackTitle "GM"]
[WhiteElo "2653"]
[BlackElo "2581"]
[WhiteFideId "3901211"]
[BlackFideId "9301348"]
[EventDate "2014.06.16"]

1. Nf3 d5 2. c4 d4 3. b4 Bg4 4. Qb3 Bxf3 5. Qxf3 c6 6. Bb2 e5 7. a3 Nf6 8. e3 a5
9. exd4 exd4 10. c5 Be7 11. Bc4 O-O 12. O-O b6 13. cxb6 Qxb6 14. Re1 Ra7 15. Qd3
Rd8 16. Qb3 Bf8 17. d3 Rb7 18. Nd2 axb4 19. Nf3 Qc7 20. a4 c5 21. Ne5 Rd7 22.
Nxd7 Qxd7 23. a5 Ra7 24. a6 h6 25. Qa4 Qd6 26. h3 Nbd7 27. Qb5 g5 28. Re2 Kg7
29. Bc1 Nb6 30. Bd2 Kg6 31. f4 gxf4 32. Bxf4 Qxf4 33. Qxb6 Bd6 34. g3 Qf3 35.
Rf2 Rxa6 36. Qxa6 1-0

[Event "FIDE World Rapid 2014"]
[Site "Dubai UAE"]
[Date "2014.06.18"]
[Round "13.32"]
[White "Matlakov, Maxim"]
[Black "Shyam, Sundar M."]
[Result "1-0"]
[WhiteTitle "GM"]
[BlackTitle "GM"]
[WhiteElo "2689"]
[BlackElo "2468"]
[WhiteFideId "4168003"]
[BlackFideId "5019141"]
[EventDate "2014.06.16"]

1. Nf3 d5 2. g3 Bg4 3. Bg2 Nd7 4. c4 e6 5. cxd5 exd5 6. O-O Ngf6 7. Nc3 c6 8. d3
Bc5 9. Qb3 Bb6 10. Na4 O-O 11. Nxb6 axb6 12. Re1 Re8 13. Qc3 Bxf3 14. Bxf3 Ne5
15. Bg2 d4 16. Qb3 Nfd7 17. Bd2 h5 18. h3 Nc5 19. Qc2 Qf6 20. a4 h4 21. g4 Ne6
22. b4 Nf4 23. Bxf4 Qxf4 24. a5 b5 25. Qc5 Re6 26. Be4 Rae8 27. Qxd4 Nxg4 28.
Bh7+ 1-0

[Event "FIDE World Rapid 2014"]
[Site "Dubai UAE"]
[Date "2014.06.18"]
[Round "13.33"]
[White "Kasimdzhanov, Rustam"]
[Black "Aleksandrov, Aleksej"]
[Result "1-0"]
[WhiteTitle "GM"]
[BlackTitle "GM"]
[WhiteElo "2700"]
[BlackElo "2554"]
[WhiteFideId "14200244"]
[BlackFideId "13500139"]
[EventDate "2014.06.16"]

1. d4 Nf6 2. c4 e6 3. Nf3 d5 4. Nc3 Bb4 5. cxd5 exd5 6. Bg5 h6 7. Bh4 c5 8. dxc5
Nbd7 9. e3 Qa5 10. Nd2 Bxc3 11. bxc3 O-O 12. Be2 Qxc3 13. O-O Qxc5 14. Rc1 Qb4
15. Bg3 Nb6 16. Be5 Qe7 17. Bd4 Rd8 18. a4 Bd7 19. a5 Ba4 20. Qe1 Nbd7 21. Rc3
a6 22. Qb1 Bc6 23. Rfc1 Ne4 24. Nxe4 dxe4 25. h3 Nf8 26. Rxc6 bxc6 27. Rxc6 Rd5
28. Bc4 Rxa5 29. Qb6 Rf5 30. g4 Rf3 31. Rxh6 Qg5 32. Rh5 Qg6 33. Qxg6 Nxg6 34.
Bd5 Re8 35. Kg2 a5 36. Bxe4 Rxf2+ 37. Kxf2 Rxe4 38. Rxa5 f6 39. Kg3 Re7 40. h4
Kf7 41. h5 Nf8 42. g5 fxg5 43. Rf5+ Kg8 44. Rxf8+ Kxf8 45. Bc5 Kf7 46. Bxe7 Kxe7
47. Kg4 Kf6 48. e4 1-0

[Event "FIDE World Rapid 2014"]
[Site "Dubai UAE"]
[Date "2014.06.18"]
[Round "13.34"]
[White "Inarkiev, Ernesto"]
[Black "Ipatov, Alexander"]
[Result "1-0"]
[WhiteTitle "GM"]
[BlackTitle "GM"]
[WhiteElo "2682"]
[BlackElo "2613"]
[WhiteFideId "4162722"]
[BlackFideId "14116731"]
[EventDate "2014.06.16"]

1. e4 c5 2. Nf3 Nf6 3. e5 Nd5 4. Nc3 Nxc3 5. dxc3 Nc6 6. Bf4 Qb6 7. b3 h6 8. h4
Qc7 9. Qd2 e6 10. O-O-O a6 11. Qe3 b5 12. Nd2 Bb7 13. Kb1 c4 14. Rh3 Ne7 15.
bxc4 bxc4 16. Nxc4 Nd5 17. Qd4 Bc5 18. Nd6+ Ke7 19. Qd2 Rab8 20. Ka1 Bc6 21. c4
Bb4 22. c3 Ba3 23. cxd5 Bb2+ 24. Qxb2 Rxb2 25. Kxb2 Rb8+ 26. Nb5 Rxb5+ 27. Bxb5
Bxd5 28. c4 Qb7 29. cxd5 Qxb5+ 30. Rb3 1-0

[Event "FIDE World Rapid 2014"]
[Site "Dubai UAE"]
[Date "2014.06.18"]
[Round "13.35"]
[White "Goloshchapov, Alexander"]
[Black "Milov, Vadim"]
[Result "0-1"]
[WhiteTitle "GM"]
[BlackTitle "GM"]
[WhiteElo "2586"]
[BlackElo "2622"]
[WhiteFideId "14103222"]
[BlackFideId "1304364"]
[EventDate "2014.06.16"]

1. d4 Nf6 2. c4 g6 3. Nf3 Bg7 4. g3 d6 5. Bg2 O-O 6. Nc3 Nc6 7. O-O Rb8 8. Bf4
Nd7 9. Qd2 Nb6 10. b3 e5 11. Bg5 f6 12. Be3 Bg4 13. Rad1 Bxf3 14. Bxf3 f5 15.
dxe5 Nxe5 16. Bg2 c6 17. a4 Qc7 18. Rc1 Rbe8 19. Rfd1 Nc8 20. Bf4 Qb6 21. Rb1
Ng4 22. e3 h6 23. Qc2 g5 24. Bxd6 Nxd6 25. Rxd6 Nxe3 26. fxe3 Rxe3 27. Qf2 Rxc3
28. Qxb6 axb6 29. Re1 Rf7 30. Re8+ Bf8 31. Rxh6 Kg7 32. Rh5 Rc1+ 33. Kf2 Bc5+
34. Kf3 Rc3+ 35. Ke2 Rc2+ 36. Kd3 Rxg2 0-1

[Event "FIDE World Rapid 2014"]
[Site "Dubai UAE"]
[Date "2014.06.18"]
[Round "13.36"]
[White "Hansen, Eric"]
[Black "Maletin, Pavel"]
[Result "0-1"]
[WhiteTitle "GM"]
[BlackTitle "GM"]
[WhiteElo "2584"]
[BlackElo "2588"]
[WhiteFideId "2606771"]
[BlackFideId "4146786"]
[EventDate "2014.06.16"]

1. e4 e5 2. Nf3 Nc6 3. Bb5 Nf6 4. d3 Bc5 5. c3 O-O 6. O-O d6 7. h3 a6 8. Bxc6
bxc6 9. Nbd2 Re8 10. Re1 d5 11. Nb3 Bd6 12. Qc2 h6 13. Na5 Bd7 14. c4 dxe4 15.
dxe4 c5 16. Nb7 Qc8 17. Nxd6 cxd6 18. Be3 Bxh3 19. gxh3 Qxh3 20. Nh2 Ng4 21. f3
Nxh2 22. Qxh2 Qxf3 23. Qg2 Qh5 24. Kf2 Re6 25. Rh1 Rf6+ 26. Kg1 Qf3 27. Rh3
Qxg2+ 28. Kxg2 a5 29. Bd2 a4 30. Rf1 Rg6+ 31. Rg3 Rxg3+ 32. Kxg3 Rb8 33. Bc3 Kf8
34. Kf3 Ke7 35. Rg1 g6 36. Ke3 Ke6 37. Kd3 h5 38. Ke3 Rg8 39. Kf3 f6 40. Rg2 g5
41. Rh2 Rh8 42. Rd2 h4 43. Rh2 f5 44. exf5+ Kxf5 45. Rd2 Rh6 46. Rf2 g4+ 47.
Ke3+ Ke6 48. Rh2 g3 49. Rh3 Kf5 50. Kf3 e4+ 51. Kg2 Kg4 52. Be1 Rg6 53. b3 axb3
54. axb3 Rg5 55. Rh1 Rf5 56. Kg1 h3 0-1

[Event "FIDE World Rapid 2014"]
[Site "Dubai UAE"]
[Date "2014.06.18"]
[Round "13.37"]
[White "Polgar, Judit"]
[Black "Ghaem Maghami, Ehsan"]
[Result "1/2-1/2"]
[WhiteTitle "GM"]
[BlackTitle "GM"]
[WhiteElo "2685"]
[BlackElo "2582"]
[WhiteFideId "700070"]
[BlackFideId "12500739"]
[EventDate "2014.06.16"]

1. e4 e5 2. Nf3 Nc6 3. Bb5 a6 4. Ba4 Nf6 5. O-O Be7 6. d3 d6 7. c4 Bg4 8. Nc3
O-O 9. h3 Bxf3 10. Qxf3 Nd7 11. Be3 Bg5 12. Bxc6 bxc6 13. b4 Rb8 14. Rab1 h6 15.
a4 Re8 16. b5 cxb5 17. cxb5 axb5 18. Nxb5 Ra8 19. Ra1 Ra5 20. Ra3 Nc5 21. Bxc5
dxc5 22. Rfa1 Bd2 23. Nc3 Bxc3 24. Rxc3 Qd4 25. Rac1 Rd8 26. Rc4 Qxd3 27. Qxd3
Rxd3 28. Rxc5 Rxa4 29. Rxe5 Rd7 30. Rc2 Kf8 31. f3 Ra7 32. h4 g6 33. h5 g5 34.
Kh2 Kg7 35. Kh3 Rb7 36. Kg4 Ra7 37. g3 Ra3 38. Rf5 Re3 39. Rc6 Rb3 40. Rcc5 Ra3
41. Rc1 Rb3 42. Rcc5 Ra3 43. Rfd5 Rxd5 44. Rxd5 Rc3 45. f4 gxf4 46. gxf4 Kf6 47.
Rd8 Ke7 48. Rh8 Rc6 49. e5 Re6 50. Kf3 Ra6 51. Ke4 Ra4+ 52. Kf5 Ra6 53. Rb8 Rb6
54. Rc8 Kd7 55. Rf8 Ke7 56. Ra8 Kd7 57. Ra7 Rc6 58. Ra8 Rb6 59. Rh8 Ke7 60. Kg4
Re6 61. Rc8 Kd7 62. Ra8 Ke7 63. Ra4 Kd7 64. Rd4+ Ke7 65. Rc4 Kd7 66. Rc5 Ra6 67.
f5 Ra4+ 68. Kf3 Rh4 69. Rd5+ Ke7 70. Rc5 Kd8 1/2-1/2

[Event "FIDE World Rapid 2014"]
[Site "Dubai UAE"]
[Date "2014.06.18"]
[Round "13.38"]
[White "Mchedlishvili, Mikheil"]
[Black "Durarbayli, Vasif"]
[Result "1-0"]
[WhiteTitle "GM"]
[BlackTitle "GM"]
[WhiteElo "2632"]
[BlackElo "2590"]
[WhiteFideId "13600966"]
[BlackFideId "13402935"]
[EventDate "2014.06.16"]

1. c4 c6 2. Nf3 d5 3. g3 Nf6 4. Bg2 g6 5. b3 Bg7 6. Bb2 O-O 7. O-O Bg4 8. d3
Nbd7 9. Nbd2 Bxf3 10. Nxf3 Re8 11. Rc1 a5 12. a3 Qb6 13. d4 Ne4 14. e3 e6 15.
Qc2 f5 16. Ne1 Qa6 17. a4 b5 18. axb5 cxb5 19. c5 Nb8 20. Nd3 Nc6 21. Ra1 b4 22.
Rfd1 g5 23. f3 Nf6 24. Nf2 Rad8 25. e4 Qc8 26. e5 Nd7 27. Bf1 Re7 28. Bb5 Ndb8
29. Kg2 Rf8 30. Rh1 h5 31. Qd2 g4 32. f4 Kf7 33. h3 Rh8 34. Qe2 Ree8 35. Rh2
Reg8 36. Nd1 Qc7 37. Ne3 Ne7 38. Rah1 Nbc6 39. Bd3 Qc8 40. Bc2 Ng6 41. Qd1 gxh3+
42. Kf1 Bh6 43. Rxh3 h4 44. Qf3 a4 45. bxa4 b3 46. Bd3 Nb4 47. Bb5 Nc2 48. Ng2
Qd8 49. Qxb3 hxg3 50. Qxc2 Bxf4 51. Be2 Rxh3 52. Rxh3 Rh8 53. Bh5 Kg7 54. Qb3
Qg5 55. Qb7+ Ne7 56. Qd7 Rxh5 57. Rxh5 Qxh5 58. Qxe7+ Kh8 59. Qh4 1-0

[Event "FIDE World Rapid 2014"]
[Site "Dubai UAE"]
[Date "2014.06.18"]
[Round "13.39"]
[White "Volokitin, Andrei"]
[Black "Debashis, Das"]
[Result "1/2-1/2"]
[WhiteTitle "GM"]
[BlackTitle "GM"]
[WhiteElo "2638"]
[BlackElo "2484"]
[WhiteFideId "14107090"]
[BlackFideId "5024854"]
[EventDate "2014.06.16"]

1. e4 e5 2. Nf3 Nc6 3. Bb5 a6 4. Ba4 Nf6 5. O-O b5 6. Bb3 Bc5 7. c3 d6 8. a4 Rb8
9. d4 Bb6 10. Na3 O-O 11. axb5 axb5 12. Nxb5 Bg4 13. Bc2 exd4 14. cxd4 d5 15. e5
Ne4 16. h3 Bh5 17. Ra4 f6 18. Nc3 Nxc3 19. bxc3 fxe5 20. g4 e4 21. Ng5 Bg6 22.
Ne6 Qh4 23. Nxf8 Rxf8 24. Ba3 Qxh3 25. Bxf8 Ne5 26. dxe5 Qg3+ 27. Kh1 Qh3+ 28.
Kg1 Qg3+ 29. Kh1 Qh3+ 1/2-1/2

[Event "FIDE World Rapid 2014"]
[Site "Dubai UAE"]
[Date "2014.06.18"]
[Round "13.40"]
[White "Ganguly, Surya Shekhar"]
[Black "Al-Sayed, Mohammed"]
[Result "1-0"]
[WhiteTitle "GM"]
[BlackTitle "GM"]
[WhiteElo "2619"]
[BlackElo "2505"]
[WhiteFideId "5002150"]
[BlackFideId "12100196"]
[EventDate "2014.06.16"]

1. e4 c5 2. Nf3 d6 3. Bb5+ Bd7 4. Bxd7+ Qxd7 5. c4 Nf6 6. Nc3 Nc6 7. d4 cxd4 8.
Nxd4 g6 9. b3 Bg7 10. Bb2 O-O 11. O-O a6 12. Nxc6 bxc6 13. Re1 Qa7 14. Qe2 Nd7
15. Rad1 Nc5 16. h4 a5 17. h5 Rfb8 18. Qd2 a4 19. h6 Bf8 20. Nxa4 Nxa4 21. bxa4
Qxa4 22. Qc3 f6 23. Rxd6 Qb4 24. Rd2 Bxh6 25. Rd8+ Kf7 26. Qxb4 Rxb4 27. Rxa8
Rxb2 28. e5 fxe5 29. g3 Bg7 30. Ra6 c5 31. Kg2 e4 32. Rxe4 Bd4 33. Rf4+ Ke8 34.
Ra7 g5 35. Rf5 g4 36. a4 Rc2 37. Rf4 h5 38. a5 Rxc4 39. Re4 Rc2 40. Rexe7+ Kf8
41. Rf7+ Kg8 42. a6 Ra2 43. Rf4 Be3 44. Rf5 Bd4 45. Rg5+ Kf8 46. Rf5+ Kg8 47.
Kf1 c4 48. Rd7 Bb6 49. Rg5+ Kf8 50. Rxh5 Rxf2+ 51. Ke1 Kg8 52. Rb5 1-0

[Event "FIDE World Rapid 2014"]
[Site "Dubai UAE"]
[Date "2014.06.18"]
[Round "13.41"]
[White "Vahidov, Tair"]
[Black "Dubov, Daniil"]
[Result "1/2-1/2"]
[WhiteTitle "GM"]
[BlackTitle "GM"]
[WhiteElo "2446"]
[BlackElo "2614"]
[WhiteFideId "14200155"]
[BlackFideId "24126055"]
[EventDate "2014.06.16"]

1. Nf3 Nf6 2. c4 c6 3. d4 d5 4. cxd5 cxd5 5. Nc3 Nc6 6. Bf4 a6 7. Rc1 e6 8. e3
Bd6 9. Bd3 O-O 10. O-O h6 11. Bxd6 Qxd6 12. Na4 Rb8 13. a3 Rd8 14. Bb1 Bd7 15.
Nc5 Be8 16. b4 a5 17. b5 Ne7 18. a4 b6 19. Nd3 Rdc8 20. Qb3 Ne4 21. Rxc8 Rxc8
22. Rc1 Rxc1+ 23. Nxc1 Qc7 24. Ne2 Nd6 25. Nd2 f6 26. Qc3 Qxc3 27. Nxc3 g5 28.
f3 Kg7 29. Kf2 e5 30. Ba2 Bf7 31. g4 Ne8 32. Nf1 Nc7 33. Ng3 Be6 34. Bb1 Ne8 35.
h3 Nd6 36. f4 e4 37. f5 Bf7 38. Ba2 Ne8 39. Nf1 h5 40. Nh2 Nc7 41. Bb3 Ng8 42.
Ba2 Nh6 43. Bb3 Kf8 44. Ba2 Ke7 45. Bb3 Kd6 46. Ba2 Be8 47. Bb3 Bd7 48. Ba2 h4
49. Bb3 Bc8 50. Kg2 Bb7 51. Kf2 Ng8 52. Nf1 Ne7 53. Nh2 Bc8 54. Kg2 Bd7 55. Kf2
Nc8 56. Ke2 Be8 57. Kf2 Na7 58. Nf1 Bxb5 59. axb5 Naxb5 60. Nxb5+ Nxb5 61. Ke1
Nc7 62. Kd2 b5 63. Kc3 Kc6 64. Nd2 Ne8 65. Ba2 Nd6 66. Kb3 Nc8 67. Bb1 Nb6 68.
Nxe4 dxe4 69. Bxe4+ Kd6 70. Bd3 a4+ 71. Ka3 b4+ 72. Kxb4 Nd5+ 73. Kxa4 Nxe3 74.
Be4 Nd5 75. Bg2 Nf4 76. Bf1 Kd5 77. Kb5 Kxd4 78. Kc6 Ke3 79. Kd6 Kf2 80. Ke7
Nd5+ 81. Ke6 Kxf1 82. Kxd5 Kg2 83. Ke6 Kxh3 84. Kxf6 Kxg4 85. Kg6 h3 86. f6 h2
87. f7 h1=Q 88. f8=Q Qe4+ 89. Kg7 Qd4+ 90. Kg6 Qb6+ 91. Kg7 Kh4 92. Qe7 Qd4+ 93.
Kg6 Qd3+ 94. Kh6 Qa6+ 95. Kg7 Qa1+ 96. Kg6 Qb1+ 97. Kh6 Qb6+ 98. Kg7 Qc6 99.
Qe1+ Kh3 100. Qe3+ Kg4 101. Qg1+ Kf4 102. Qh2+ Kf5 103. Qf2+ Ke5 104. Qg3+ Kf5
105. Qf2+ Kg4 106. Qg1+ Kf4 107. Qh2+ Kg4 108. Qg1+ Kh3 109. Qe3+ Kh4 110. Qf2+ 1/2-1/2

[Event "FIDE World Rapid 2014"]
[Site "Dubai UAE"]
[Date "2014.06.18"]
[Round "13.42"]
[White "Ringoir, Tanguy"]
[Black "Georgiev, Kiril"]
[Result "1/2-1/2"]
[WhiteTitle "IM"]
[BlackTitle "GM"]
[WhiteElo "2506"]
[BlackElo "2644"]
[WhiteFideId "208027"]
[BlackFideId "2900017"]
[EventDate "2014.06.16"]

1. d4 Nf6 2. c4 e6 3. Nc3 d5 4. cxd5 exd5 5. Bg5 c6 6. e3 Bf5 7. Qf3 Bg6 8. Bxf6
Qxf6 9. Qxf6 gxf6 10. Nf3 Be7 11. O-O-O Nd7 12. Bd3 Nb6 13. Nh4 O-O-O 14. Nf5
Bb4 15. Ne2 Nc4 16. h4 Nd6 17. Neg3 Nxf5 18. Nxf5 h5 19. a3 Bd6 20. Nxd6+ Rxd6
21. Rh3 Bxd3 22. Rxd3 Rg8 23. g3 Kd7 24. Kd2 Ke6 25. Ke2 a5 26. Rh1 Ra8 27. a4
Rdd8 28. Kf3 f5 29. Rc1 Kf6 30. Rb3 Ra7 31. Rc2 Rd7 32. Rc1 Ra6 33. Rc2 Re7 34.
Rc1 Ke6 35. Kf4 Kf6 36. Kf3 Ke6 37. Kf4 f6 38. Rc2 Rg7 39. Kf3 Rc7 40. Kf4 Rg7
41. Kf3 Rc7 42. Kf4 Rg7 1/2-1/2

[Event "FIDE World Rapid 2014"]
[Site "Dubai UAE"]
[Date "2014.06.18"]
[Round "13.43"]
[White "Michalik, Peter"]
[Black "Sandipan, Chanda"]
[Result "1-0"]
[WhiteTitle "GM"]
[BlackTitle "GM"]
[WhiteElo "2557"]
[BlackElo "2594"]
[WhiteFideId "14907526"]
[BlackFideId "5004225"]
[EventDate "2014.06.16"]

1. d4 Nf6 2. c4 g6 3. Nc3 Bg7 4. e4 d6 5. Bd3 O-O 6. Nge2 c5 7. d5 Nbd7 8. f4 e5
9. dxe6 fxe6 10. O-O b6 11. h3 Bb7 12. f5 gxf5 13. exf5 e5 14. Bg5 Qe8 15. Ng3
e4 16. Be2 Qe5 17. Bf4 Qd4+ 18. Kh2 Qxd1 19. Raxd1 Ne8 20. Ncxe4 Bxb2 21. Nxd6
Nxd6 22. Bxd6 Rf7 23. Rd2 Bd4 24. Bh5 Rg7 25. Rxd4 cxd4 26. f6 Nxf6 27. Rxf6 Rd8
28. Bg4 d3 29. Be6+ Kh8 30. Be5 Bc8 1-0

[Event "FIDE World Rapid 2014"]
[Site "Dubai UAE"]
[Date "2014.06.18"]
[Round "13.44"]
[White "Anton Guijarro, David"]
[Black "Kayumov, Sergey"]
[Result "1-0"]
[WhiteTitle "GM"]
[BlackTitle "GM"]
[WhiteElo "2631"]
[BlackElo "2505"]
[WhiteFideId "2285525"]
[BlackFideId "14200880"]
[EventDate "2014.06.16"]

1. e4 e5 2. Nf3 Nc6 3. Bb5 Nf6 4. d3 d6 5. c3 g6 6. Nbd2 Bg7 7. O-O O-O 8. Re1
Bd7 9. a4 Qe8 10. d4 Nh5 11. Nb3 Kh8 12. dxe5 Nxe5 13. Bxd7 Nxf3+ 14. Qxf3 Qxd7
15. Be3 f5 16. exf5 Qxf5 17. Qxf5 gxf5 18. Na5 f4 19. Bd4 Bxd4 20. cxd4 Nf6 21.
Kf1 Nd5 22. Ra3 Rf5 23. Nxb7 Rb8 24. Rb3 Nb6 25. a5 Rxb7 26. Re8+ Kg7 27. a6 Rb8
28. Rxb8 Ra5 29. Ra3 Rb5 30. Rb7 Rxb2 31. Rxa7 Rb1+ 32. Ke2 Rb2+ 33. Kf3 Kf6 34.
Rb7 1-0

[Event "FIDE World Rapid 2014"]
[Site "Dubai UAE"]
[Date "2014.06.18"]
[Round "13.45"]
[White "Vakhidov, Jahongir"]
[Black "Al-Modiahki, Mohamad"]
[Result "1-0"]
[WhiteTitle "IM"]
[BlackTitle "GM"]
[WhiteElo "2471"]
[BlackElo "2549"]
[WhiteFideId "14201801"]
[BlackFideId "12100030"]
[EventDate "2014.06.16"]

1. d4 Nf6 2. Nf3 g6 3. e3 Bg7 4. c4 O-O 5. Be2 d6 6. Nc3 c6 7. O-O a6 8. d5 b5
9. a3 bxc4 10. Bxc4 Bb7 11. Qb3 Nbd7 12. dxc6 Bxc6 13. Nd4 Qc7 14. Nxc6 Qxc6 15.
Nd5 Rae8 16. Nb4 Qb6 17. Nxa6 Qa7 18. Nb4 Nc5 19. Qc2 Rc8 20. Qe2 e6 21. f3 d5
22. Ba2 Nfd7 23. Rd1 Ne5 24. Kh1 Rfd8 25. Bd2 Na4 26. Be1 Nc4 27. Bxc4 dxc4 28.
Rxd8+ Rxd8 29. Nc6 Qb6 30. Nxd8 Nxb2 31. Rb1 c3 32. Qc2 Qxd8 33. Bxc3 Bxc3 34.
Qxc3 Nd3 35. Qd4 1-0

[Event "FIDE World Rapid 2014"]
[Site "Dubai UAE"]
[Date "2014.06.18"]
[Round "13.46"]
[White "Kovalev, Vladislav"]
[Black "Taleb, Moussa"]
[Result "1-0"]
[WhiteTitle "GM"]
[BlackTitle "GM"]
[WhiteElo "2554"]
[BlackElo "2406"]
[WhiteFideId "13504398"]
[BlackFideId "9300201"]
[EventDate "2014.06.16"]

1. e4 c6 2. d4 d6 3. Be3 g6 4. Qd2 Bg7 5. Nc3 Nd7 6. h4 h5 7. Nh3 b5 8. Ng5 Bb7
9. Bd3 Qa5 10. O-O Ngf6 11. a4 bxa4 12. Rxa4 Qc7 13. f4 Ng4 14. e5 Nb6 15. Raa1
O-O 16. f5 dxe5 17. fxg6 f6 18. Ne6 Qd6 19. Nxg7 Nxe3 20. Qxe3 Qxd4 21. Nf5 1-0

[Event "FIDE World Rapid 2014"]
[Site "Dubai UAE"]
[Date "2014.06.18"]
[Round "13.47"]
[White "Tissir, Mohamed"]
[Black "Sokolov, Ivan"]
[Result "1/2-1/2"]
[WhiteTitle "IM"]
[BlackTitle "GM"]
[WhiteElo "2380"]
[BlackElo "2650"]
[WhiteFideId "9000240"]
[BlackFideId "14400030"]
[EventDate "2014.06.16"]

1. e4 e5 2. Nf3 Nc6 3. Bc4 Nf6 4. d3 h6 5. O-O d6 6. h3 g6 7. c3 Bg7 8. Bb3 O-O
9. Nh2 d5 10. Qf3 Be6 11. Ng4 Bxg4 12. hxg4 dxe4 13. dxe4 Nh7 14. Rd1 Ng5 15.
Bxg5 Qxg5 16. Na3 Qe7 17. Nc4 Nd8 18. Ne3 c6 19. Rd3 Ne6 20. Bxe6 Qxe6 21. b3
Rfd8 22. Rad1 Rxd3 23. Rxd3 b5 24. Qd1 Bf8 25. c4 a6 26. Rd8 Rc8 27. cxb5 axb5
28. Rxc8 Qxc8 29. a4 Bc5 30. Qc1 Bxe3 31. Qxe3 bxa4 32. bxa4 c5 33. Qc3 c4 34.
a5 Qc6 35. f3 Kh7 36. Kf2 Qb5 37. Ke2 h5 38. gxh5 gxh5 39. Kd2 Qc5 40. Ke2 Qb5
41. Kd2 Qc5 42. Ke2 Qb5 43. Kd2 Qc5 1/2-1/2